01676nam a2200337Ia 4500001001200000003000800012006001900020007001500039008004100054020001500095020001800110040002100128035002100149050002300170245029800193260005800491300002300549504005200572533015200624650004100776650003600817650004900853650003500902655002900937700002500966710008900991710007901080710003601159710001701195856012601212ebr10459094CaPaEBRm u cr cn|||||||||110323s2011 dcua sb 100 0 eng d z0309186277 z9780309186278 aCaPaEBRcCaPaEBR a(OCoLC)73376105014aHQ536b.T59 2011eb00aToward an integrated science of research on familiesh[electronic resource] :bworkshop report /cSteve Olson, editor ; Committee on the Science of Research on Families, Board on Children, Youth, and Families, Institute of Medicine and National Research Council of the the National Academies. aWashington, D.C. :bNational Academies Press,cc2011. aix, 101 p. :bill. aIncludes bibliographical references (p. 89-93). aElectronic reproduction.bPalo Alto, Calif. :cebrary,d2011.nAvailable via World Wide Web.nAccess may be limited to ebrary affiliated libraries. 0aFamilieszUnited StatesvCongresses. 0aFamiliesxResearchvCongresses. 0aFamiliesxPsychological aspectsvCongresses. 0aFamily demographyvCongresses. 7aElectronic books.2local1 aOlson, Steve,d1956-2 aNational Research Council (U.S.).bCommittee on the Science of Research on Families.2 aNational Research Council (U.S.).bBoard on Children, Youth, and Families.2 aNational Academies Press (U.S.)2 aebrary, Inc.40uhttp://site.ebrary.com/lib/rucke/Doc?id=10459094zAn electronic book accessible through the World Wide Web; click to view